Монтаж, наладка и ремонт главных циркуляционных насосов энергоблоков РБМК-1000 и РБМК-1500

Podrobná bibliografie
Hlavní autor: Шишкин В. С. Валентин Сергеевич
Jazyk:ruština
Vydáno: Москва, Энергоатомиздат, 1992
Edice:Библиотека эксплуатационника АЭС Вып. 33
Témata:
Médium: MixedMaterials Kniha
KOHA link:https://koha.lib.tpu.ru/cgi-bin/koha/opac-detail.pl?biblionumber=165860

MARC

LEADER 00000nam0a2200000 4500
001 165860
005 20231031161944.0
010 |a 5283038858 
020 |a RU  |b 92-29790 
035 |a (RuTPU)RU\TPU\book\179921 
090 |a 165860 
100 |a 20090923d1992 km a0rusy5003 ca 
101 0 |a rus 
102 |a RU 
105 |a a z 001zy 
200 1 |a Монтаж, наладка и ремонт главных циркуляционных насосов энергоблоков РБМК-1000 и РБМК-1500  |f В. С. Шишкин 
210 |a Москва  |c Энергоатомиздат  |d 1992 
215 |a 209 с.  |c ил.  |d 21 см 
225 1 |a Библиотека эксплуатационника АЭС  |v Вып. 33 
320 |a Библиогр.: с. 207-208. (29 назв.) 
610 1 |a насосы циркуляционные 
610 1 |a ремонт 
610 1 |a атомные электрические станции 
610 1 |a монтаж 
610 1 |a насосные установки 
675 |a 621.311.25:621.039.5  |z rus 
700 1 |a Шишкин  |b В. С.  |g Валентин Сергеевич  |4 070 
801 0 |a RU  |b RuMRKP  |c 19950417  |g psbo 
801 1 |a RU  |b 63413507  |c 20090923 
801 2 |a RU  |b 63413507  |c 20170906  |g RCR 
942 |c BK